Statistiques concernant Gamme de Mots - B

Cliquez ici pour prendre le quiz!

Statistiques générales

  • Ce quiz a été pris 213 fois
  • Le résultat moyen est 7 sur 19

Statistiques - réponses

DéfinitionRéponse% Correct
Seconde lettre de l'alphabetB
100%
"J'ai bien mangé, j'ai bien..."BU
98%
Belle-filleBRU
77%
Type de champagneBRUT
72%
BravoB
55%
Symbole chimiqueBe
49%
Monnaie russeROUBLE
47%
GrainBLÉ
44%
Tirer une balle en clocheLOBER
29%
Pour accélérerTURBO
29%
Joueurs de beloteBELOTEURS
20%
Combustible fossileTOURBE
13%
Rendre confusTROUBLER
9%
EscroquerBLOUSER
8%
BoucherOBTURER
7%
Troisième maladie (pluriel) RUBÉOLES
7%
Signe utilisé pour la divisionOBEL
5%
RenflementBOURRELET
4%
Pluriel du précédentBOURRELETS
4%

Distribution des résultats

Percentile par nombre de réponses

% des personnes avec chaque résultat

Votre développement - résultats

Vous n’avez pas pris ce quiz